EVERY JetPunk User with a Featured Quiz in Portuguese - Statistics

General Stats
  • This quiz has been taken 6 times
  • The average score is 3 of 17
Answer Stats
# User % Correct
2 Jato3
83%
297 IAB
50%
4 Jerry928
33%
4 ciaocpr1
17%
2 Gamer1162
17%
196 jpedrocm
17%
2 scambiandJerry
17%
11 Stewart
17%
2 UG332
17%
2 AndersonFCS
0%
1 apocalypse
0%
1 BolyaiAnna
0%
5 deltanz
0%
1 fmssp
0%
2 FTRoma
0%
1 QuantumMechanist
0%
1 rodrigost23
0%
No matching quizzes found
Score Distribution
Percent of People with Each Score
Percentile by Number Answered
Your Score History
You have not taken this quiz